000 00775nam a22002657a 4500
001 BR7604608
003 BR-BrBNA
005 20230928085122.0
007 ta
008 230509b bl.||||| |||| 00| 0 por d
040 _aBR-BrBNA
_bpor
_cBiblioteca Nacional de Agricultura
041 _a(Por)
072 _aC30
090 _ C30 BR7604608
100 1 _aTsukada, Y.
110 1 _aEmpresa Brasileira de Assistencia Tecnica e Extensao Rural, Brasilia, DF (Brasil)
245 1 _aRelatorio de viagem de estudos a Europa [agricultura, ciencia da informacao]
260 3 _aBrasilia, DF (Brasil):
_c1976.
300 _a15 p.
650 _aAGRICULTURA
650 _aCIENCIA DA INFORMACAO
650 _aTECNOLOGIA
909 _a202309
_bLucia
_c55
_dLucia Elande
942 _cBK
999 _c22886
_d22886